00596nam a2200193Ia 450000500170000000800460001703700080006304000200007104100130009108400230010410000260012724500630015326000810021630000100029754600440030765000080035194200220035999900210038120250507130125.0008 250505s9999 xx 000 0 eng d aDIS aEASLbengcEASL aeng2eng a0000042, PANqEASL aPanda Damodar9521773 0aSino - U. S. - Taiwan triangle 1971 - May 1984 K.R. Sharma aIndiabDelhi University. Social Sciences. Chinese and Japanese Studiesc1985 a145p. aBoth Acc. Nos. are of same dissertation aCEL cDISh0000042, PAN c1317881d1317881